01047 a2200301 45000010006000000050017000060080041000230030015000640400040000790800032001192450028001512640048001793000019002275050220002460410008004661000017004747000023004917000024005147000032005387000022005707000027005927000019006197000024006387000019006627000019006817000022007007000023007223788120260407155645.0260407a1977 arg spa dAR-UNSa-BCEJYS aAR-UNSa-BCEJYSbspacAR-UNSa-BCEJYS a330(82)xEconomia Argentina10aLa economía argentina 1aBuenos Aires :bEditorial de Belgranoc1977 a266 p.c20 cm. a1. Finanzas internacionales - 2. Las empresas públicas - 3. Función de las industrias básicas - 4. La inversión extranjera - 5. Economía y tecnología - 6. El régimen fiscal - 7. El manejo de la moneda  aspa1 aFerrer, Aldo1 aSan Miguel, Manuel1 aAlemann, Roberto T.1 aLicciardo, Cayetano Antonio1 aFrigerio, Rogelio1 aSan Martín, Salvador1 aOria, Jorge S.1 aBenchetrit, Marcelo1 aKatz, Jorge M.1 aBosch, Horacio1 aCuello, Raúl E.1 ade la Vega, Carlos